[Event "Rose City Open"]
[Site "?"]
[Date "1972.05.29"]
[Round "7"]
[White "Bailey, B."]
[Black "Miehe, J."]
[Result "0-1"]
[WhiteElo "1991"]
[BlackElo "1914"]
[Annotator "Stockfish 13 (15s)"]
[PlyCount "72"]
[EventDate "1972.??.??"]

{B72: Sicilian Dragon: 6 Be3, lines with h3+Bc4 and sidelines} 1. e4 c5 2. Nf3
d6 3. d4 cxd4 4. Nxd4 Nf6 5. Nc3 g6 6. Be2 Bg7 7. Be3 O-O 8. Qd2 Nc6 9. O-O-O
Ng4 10. Bxg4 (10. Nf3 Nxe3 11. Qxe3 Be6 12. a3 a6 13. Ng5 Qd7 14. f4 Bg4 15. e5
Bxe2 16. Qxe2 Qc7 17. exd6 exd6 18. Qd3 Rfd8 19. f5 Ne5 20. Qh3 h6 21. Nf3 Nc6
22. fxg6 fxg6 23. Qe6+ Kh8 24. Qxg6 Ne7 {
Stoehr,C-Mueller,J Ueberlingen 2000 1-0 (38)}) 10... Bxg4 11. f3 Nxd4 12. Bxd4
Bxd4 $146 (12... Be6 13. Bxg7 Kxg7 14. g4 Qa5 15. Kb1 b5 16. Qd4+ f6 17. Nd5
Bxd5 18. exd5 Qc7 19. Rhe1 Rac8 20. Re2 Rfe8 21. Rde1 Kf7 22. Qe3 Kg7 23. h4
Qd7 24. h5 g5 25. b3 Rc5 26. Qd3 Qb7 27. Rd2 {
Sting,T-Koch,C Germany 1992 1-0 (36)}) 13. Qxd4 Be6 14. g4 (14. Kb1 $142 $5 $16
) 14... Qa5 $11 15. Kb1 Rfc8 16. Nd5 Bxd5 17. exd5 b5 18. Rhe1 (18. h4 Rc4 19.
Qe3 Rac8 $14) 18... Rc4 $11 19. Qd2 Qxd2 20. Rxd2 Kf8 21. Re3 Rac8 22. c3 b4
23. Rdd3 bxc3 (23... h5 $5 24. h3 R8c5 $11) 24. Rxc3 $11 Rxc3 25. Rxc3 Rxc3 26.
bxc3 Ke8 27. Kb2 Kd7 28. Kb3 Kc7 29. g5 e6 30. Kc4 Kb6 31. dxe6 fxe6 32. Kb4 d5
33. f4 $4 (33. c4 $142 a5+ 34. Kc3 $11) 33... a5+ $19 34. Kb3 (34. Ka4 $19)
34... Kb5 35. Kc2 Kc4 36. Kd2 d4 0-1

[Event "Independence Day Open"]
[Site "?"]
[Date "1972.07.01"]
[Round "1"]
[White "Bailey, B."]
[Black "Sneath, R."]
[Result "1-0"]
[WhiteElo "1964"]
[BlackElo "1443"]
[Annotator "Stockfish 13 (15s)"]
[PlyCount "99"]
[EventDate "1972.??.??"]

{B41: Sicilian: Kan Variation: 5 c4} 1. e4 c5 2. Nf3 e6 3. d4 cxd4 4. Nxd4 d6
5. c4 Nf6 6. Nc3 a6 7. Be2 Be7 8. O-O O-O 9. Kh1 Nc6 (9... Qc7 10. Be3 b6 11.
Rc1 (11. f4 Bb7 12. Bf3 Nbd7 13. Rc1 Rac8 14. Qe2 Rfe8 15. b3 h6 16. Rfe1 Qb8
17. f5 Bf8 18. fxe6 fxe6 19. Bg4 Nxg4 20. Qxg4 Ne5 21. Qe2 Ba8 22. Rf1 Rc7 23.
Rf2 Qc8 24. Rcf1 b5 25. Qh5 Rce7 {
Mills,J (2163)-Margvelashvili,G (2441) Indianapolis 2006 0-1 (64)}) 11... Bb7
12. f3 Nbd7 13. Qe1 Rac8 14. Qf2 Qb8 15. b3 Nc5 16. Rfd1 Rfe8 17. b4 Ncd7 18.
a3 Ne5 19. Na4 Bd8 20. c5 dxc5 21. bxc5 bxc5 22. Nxc5 Neg4 23. fxg4 Rxc5 24.
Rxc5 {Drei,A (2305)-Jurkovic,H (2405) Nova Gorica 1997 0-1 (40)}) 10. b3 $146 (
10. f4 Qc7 11. b3 Bd7 12. Bb2 Nxd4 13. Qxd4 Bc6 14. Rac1 Rfd8 15. Qe3 Bf8 16.
Bf3 Qe7 17. Ba3 e5 18. f5 Nd7 19. Rfd1 Qf6 20. Rc2 b5 21. Be2 Nc5 22. b4 Nd7
23. cxb5 axb5 24. Nxb5 Bb7 {Abdallah,M-Faih,A Beirut 2000 1-0 (45)}) (10. Nxc6
bxc6 11. f4 Qc7 12. b3 Bb7 13. Bb2 Rad8 14. Qe1 Ne8 15. Rd1 Bf6 16. Bf3 g6 17.
Rd3 Bg7 18. Qd2 h6 19. Rd1 Kh7 20. Ba3 c5 21. Na4 Bd4 22. Bc1 f5 23. exf5 gxf5
24. Qe2 Rf6 {Gaard,K-Stellin,L Sweden 1992 0-1 (51)}) 10... Bd7 11. Be3 Ne5 (
11... Qa5 12. Qe1 $14) 12. h3 (12. f4 Ng6 $16) 12... Bc6 (12... Nc6 13. Qd3 $16
) 13. Nxc6 $16 bxc6 14. Qd2 Ng6 15. Rad1 Ne8 (15... Qc7 16. f4 $16) 16. Na4 (
16. f4 Nf6 $18) 16... c5 (16... Nf6 17. Qc2 $16) 17. Qc2 (17. f4 h6 18. g3 Nf6
$18) 17... Qc7 $16 18. f4 f5 $4 (18... Nf6 $142 $16) 19. exf5 $18 exf5 20. Bf3
Rd8 (20... Rb8 21. Nc3 $18) 21. Nc3 (21. g3 Kh8 $18) 21... Qa7 (21... Qc8 22.
Nd5 Kh8 23. g3 $18) 22. Bd5+ Kh8 23. Be6 Bf6 24. Bxf5 (24. Nd5 Ne7 25. Bxf5
Nxd5 26. Rxd5 Qe7 $18) 24... Bxc3 25. Bxg6 hxg6 26. Qxc3 Nf6 27. Bc1 (27. Qd3
Qe7 28. Rfe1 Qe4 $18) 27... Qb7 (27... Qf7 28. Kh2 $18) 28. Rfe1 (28. Qg3 Qf7
29. Kh2 d5 $18) 28... Nh5 (28... Qd7 29. Qd3 Kh7 30. Kh2 $18) 29. Qe3 (29. Kh2
Qf7 30. Rf1 Kh7 $18) 29... Qf7 (29... Rxf4 30. Qe6 Rf6 $18) 30. Qe6 Qxe6 31.
Rxe6 Nxf4 (31... Rf6 32. Rxf6 Nxf6 $18) 32. Bxf4 Rxf4 33. Rdxd6 Rxd6 (33... Rc8
34. Rxg6 a5 35. Ra6 $18) 34. Rxd6 Rf6 (34... a5 35. Ra6 a4 36. Rxa4 Rf8 $18)
35. Rxf6 gxf6 36. a3 Kg7 37. b4 cxb4 38. axb4 Kf7 39. Kg1 Ke6 40. Kf2 Ke5 41.
Ke3 f5 42. g3 g5 43. h4 Kf6 44. hxg5+ Kxg5 (44... Ke5 45. g6 f4+ 46. gxf4+ Kf6
47. c5 Ke6 48. g7 Kf7 49. c6 a5 50. bxa5 Kxg7 51. a6 Kg8 52. a7 Kf8 53. c7 Ke7
54. a8=Q Ke6 55. c8=Q+ Kd6 56. f5 Ke5 57. f6 Kxf6 58. Qac6+ Kf7 59. Qf8+ Kxf8
60. Qd7 Kg8 61. Kd4 Kh8 62. Ke5 Kg8 63. Kf6 Kf8 64. Qc8#) 45. Kf3 (45. b5 a5
46. b6 a4 47. b7 a3 48. b8=Q a2 49. Qe5 Kh6 50. Kf4 Kg6 51. c5 a1=Q 52. Qxa1
Kf7 53. Kxf5 Kg8 54. g4 Kf7 55. c6 Kf8 56. c7 Ke7 57. c8=Q Kd6 58. g5 Kd5 59.
g6 Kd6 60. g7 Kd5 61. g8=Q+ Kd6 62. Qe5#) 45... Kf6 46. Kf4 Ke6 47. c5 Kd5 48.
Kxf5 a5 49. bxa5 Kxc5 50. g4 1-0

[Event "Independence Day Open"]
[Site "?"]
[Date "1972.07.01"]
[Round "2"]
[White "Granat, K."]
[Black "Bailey, B."]
[Result "1/2-1/2"]
[WhiteElo "1739"]
[BlackElo "1964"]
[Annotator "Stockfish 13 (15s)"]
[PlyCount "47"]
[EventDate "1972.??.??"]

{C50: Hungarian Defence and Giuoco Pianissimo} 1. e4 e5 2. Nf3 Nc6 3. Bc4 Nf6
4. d4 exd4 5. O-O d6 6. Nxd4 Be7 7. Nc3 O-O 8. h3 Bd7 9. Re1 (9. Be3 Re8 10. f4
Bf8 11. Nf3 h6 12. e5 dxe5 13. fxe5 Nxe5 14. Nxe5 Rxe5 15. Bd4 Bc5 16. Bxc5
Rxc5 17. Qd4 Rf5 18. Ne4 Nxe4 19. Qxe4 Qe8 20. Qxb7 Bc6 21. Qb3 Qe4 22. Bxf7+
Kh8 23. Rf3 Qd4+ {Stavrev,N (2245)-Spasov,V (2540) Bulgaria 1994 0-1}) 9...
Nxd4 10. Qxd4 Bc6 11. Bf4 $146 (11. Bg5 Nd7 12. Bxe7 Qxe7 13. Bd5 Bxd5 14. Nxd5
Qd8 15. Rad1 Nb6 16. Ne3 Re8 17. Nf5 f6 18. c4 g6 19. Ne3 Qe7 20. f3 Qe5 21. b4
Rad8 22. Qxe5 dxe5 23. c5 Nd7 24. Rd5 c6 25. Rd6 Nf8 {
Ketterer,C (2264)-Dobschat,B (2006) Germany 2006 1/2-1/2 (44)}) 11... Nh5 (
11... Nd7 $5 $14) 12. Bh2 $16 Bf6 13. Qd3 (13. Qe3 $5 $16) 13... Be5 $14 14.
Rad1 Nf4 15. Qe3 (15. Bxf4 Bxf4 16. b3 Be5 $14) 15... Qg5 16. Bxf4 Bxf4 17. Qd3
Rfe8 (17... Be5 $5 $11) 18. g3 $16 Be5 19. f4 (19. Nd5 $5 Qd8 20. b4 $16) 19...
Bxf4 $11 20. Rf1 (20. Bxf7+ Kxf7 21. Rf1 Kg8 22. Rxf4 Rf8 $11) 20... Be3+ (
20... d5 $142 $5 21. Bxd5 Bxd5 22. Rxf4 Be6 $17) 21. Kh2 $11 Re7 22. Rf5 $4 (
22. Nd5 Bxd5 23. Bxd5 Bc5 $11) 22... Qh6 (22... Bxe4 $5 23. Qxe4 Rxe4 24. Bxf7+
Kf8 25. Rxg5 Re7 $17) 23. Rdf1 (23. Nd5 $5 Bxd5 24. Bxd5 $11) 23... Rf8 $15 24.
Nd5 1/2-1/2

[Event "Independence Day Open"]
[Site "?"]
[Date "1972.07.01"]
[Round "3"]
[White "Bailey, B."]
[Black "Hoover, B."]
[Result "0-1"]
[WhiteElo "1964"]
[BlackElo "1802"]
[Annotator "Stockfish 13 (15s)"]
[PlyCount "80"]
[EventDate "1972.??.??"]

{C42: Petroff Defence: 3 Nxe5 and unusual White 3rd moves} 1. e4 e5 2. Nf3 Nf6
3. Nxe5 Qe7 4. d4 d6 5. Nf3 Nxe4 6. Be2 g6 7. O-O Bg7 8. Re1 O-O 9. Bd3 (9. Bc4
Bf5 10. Ng5 Nc6 11. Nxe4 Bxe4 12. Bd5 Bxc2 13. Qd2 Bh6 14. Qc3 {
1-0 (14) Khachian,M (2473)-Goodall,M Los Angeles 2003}) 9... d5 10. Nbd2 Bf5
11. c3 $146 (11. c4 c6 12. h3 h5 13. Nf1 Re8 14. Ng3 Qd7 15. Nxf5 Qxf5 16. Qc2
Nd7 17. Be3 Ndf6 18. Ne5 Nh7 19. f3 Bxe5 20. dxe5 Qxe5 21. fxe4 dxe4 22. Be2
Qg3 23. Bf1 Ng5 24. Bxg5 Qxg5 25. Rxe4 Rad8 {
Cornejo Perales,G-Vega,J (2299) Lima 2000 1-0 (44)}) (11. h3 Nd7 12. g4 Be6 13.
Nxe4 dxe4 14. Bxe4 Qd6 $16) 11... Nd7 (11... c5 $142 $16) 12. Qc2 $4 (12. Nxe4
$142 dxe4 13. Ng5 $16) 12... Rfe8 13. Nxe4 (13. Nf1 $5 Qd6 14. h3 $11) 13...
dxe4 $15 (13... Bxe4 $143 14. Bxe4 dxe4 15. Ng5 $16) 14. Bc4 $2 (14. g4 $142
Bxg4 15. Rxe4 $15) 14... Nb6 $19 15. Qb3 Qd7 $4 (15... Be6 16. d5 Bd7 $19 (
16... exf3 $6 17. dxe6 Nxc4 18. Qxc4 $11)) 16. Ne5 $11 Bxe5 17. dxe5 Rxe5 18.
Bf4 Rc5 (18... Nxc4 19. Qxc4 Rd5 20. Qxc7 Qxc7 21. Bxc7 $11) 19. Rad1 Qe8 (
19... Qc6 $5 20. Bxf7+ Kg7 $11) 20. Be2 $14 Qc6 21. Be3 Rd5 22. Rxd5 Qxd5 (
22... Nxd5 $2 23. Bb5 Qd6 24. Rd1 $16) 23. c4 Qc6 24. Qc2 (24. h3 f6 $14) 24...
Rd8 (24... Nd5 25. Bd4 Rd8 26. Bxa7 $17) 25. b3 (25. h3 $14) 25... a5 (25...
Nd7 26. Rd1 $11) 26. Qb2 (26. a4 Nd7 27. Rd1 h5 $16) 26... Nd7 27. Bd4 (27. Rd1
h5 $16) 27... Re8 28. g4 Be6 29. g5 (29. Rd1 h5 30. h3 e3 31. Bxe3 hxg4 32.
hxg4 f6 $11) 29... Bh3 30. Bh8 $4 (30. Qc3 $142 Qe6 31. Qg3 $11) 30... f6 $19
31. Bxf6 Nxf6 32. Qxf6 Qxf6 33. gxf6 Kf7 34. c5 (34. Bf1 Bf5 $19) 34... c6 (
34... Re5 35. Rc1 Rg5+ 36. Kh1 Kxf6 37. a3 $19) 35. Bc4+ (35. Bf1 Bg4 36. Bg2
$19) 35... Kxf6 36. Bd3 (36. Bf1 Bf5 37. f3 Re5 38. fxe4 Bxe4 $19) 36... Re5 (
36... exd3 $4 37. Rxe8 Be6 38. Kf1 $18) 37. Bxe4 Rxc5 (37... Bf5 $142 38. f3
Bxe4 39. fxe4 Rxc5 40. a4 $19) 38. f3 (38. f4 Bf5 39. Bf3 $19) 38... Rg5+ 39.
Kf2 (39. Kh1 Bg2+ 40. Kg1 Bxf3+ 41. Kf2 Bxe4 42. Rxe4 Rc5 $19) 39... Rg2+ 40.
Ke3 Rxh2 0-1

[Event "Independence Day Open"]
[Site "?"]
[Date "1972.07.02"]
[Round "4"]
[White "Serna, A."]
[Black "Bailey, B."]
[Result "0-1"]
[WhiteElo "1471"]
[BlackElo "1964"]
[Annotator "Stockfish 13 (15s)"]
[PlyCount "72"]
[EventDate "1972.??.??"]

{C49: Four Knights: 4 Bb5 Bb4} 1. e4 e5 2. Nc3 Nf6 3. Nf3 Nc6 4. Bb5 Bb4 5. a3
Ba5 6. O-O (6. b4 Bb6 7. d3 O-O 8. Bg5 Bd4 9. Nxd4 Nxd4 10. Ba4 d6 11. Nd5 b5
12. Bb3 Bb7 13. Bxf6 gxf6 14. Qg4+ Kh8 15. Qh4 Bxd5 16. Bxd5 Nxc2+ 17. Ke2 Nxa1
18. Rxa1 Rb8 19. f4 exf4 20. e5 dxe5 {
Kolbach,J (768)-Fenske,G (747) Rotenburg/Wuemme 2005 0-1}) 6... d6 7. h3 O-O
$146 (7... Bd7 8. d3 h6 9. Bd2 a6 10. Bxc6 Bxc6 11. Re1 O-O 12. b4 Bb6 13. Be3
Bxe3 14. Rxe3 Bd7 15. Qb1 Be6 16. d4 exd4 17. Nxd4 Bc4 18. Rg3 Nh5 19. Re3 Qf6
20. Qd1 Qg6 21. Nd5 Bxd5 22. exd5 {Brobbel,K-Wigboldus,D Hengelo 2003 0-1 (38)}
) (7... Bxc3 8. bxc3 (8. dxc3 $143 Nxe4 9. Qd5 Nf6 10. Bxc6+ bxc6 11. Qxc6+ Bd7
$17) 8... Nxe4 9. d4 $11) 8. d4 (8. Re1 a6 9. Bxc6 bxc6 $11) 8... Bxc3 $11 9.
bxc3 Nxe4 10. Bd2 $4 (10. Bxc6 $142 bxc6 11. dxe5 dxe5 12. Nxe5 $11) 10... Nxd2
$19 11. Qxd2 exd4 (11... e4 $142 12. Nh2 Ne7 $19) 12. cxd4 $17 Bf5 13. c3 (13.
Rfe1 Ne7 $17) 13... a6 (13... Qf6 14. Qf4 $17) 14. Bc4 (14. Bxc6 bxc6 15. c4 h6
$17) 14... Qf6 (14... Qd7 15. Nh4 $17) 15. Qf4 Be6 (15... Ne7 $5 16. Nh4 Rfe8
$17) 16. Qxf6 $15 gxf6 17. Bd3 (17. Nd2 Na5 18. Bd3 d5 $17) 17... Na5 (17...
Ne7 18. c4 $15) 18. Rab1 (18. Nh4 d5 $15) 18... b5 19. Nh4 Nc4 20. Bxc4 Bxc4
21. Rfe1 (21. Rfd1 Rfe8 $17) 21... Rfe8 22. Nf5 $4 (22. g4 $142 $17) 22... Bd3
$19 23. Nh6+ (23. Ne3 Bxb1 24. Rxb1 $19) 23... Kg7 24. Rbd1 (24. Ng4 Bxb1 25.
Rxb1 Re2 $19) 24... Rxe1+ 25. Rxe1 Kxh6 26. Re7 c5 27. Rxf7 (27. dxc5 dxc5 28.
Rxf7 Kg6 $19) 27... Kg6 28. Rd7 (28. Rc7 cxd4 29. cxd4 Re8 $19) 28... cxd4 29.
Rxd6 (29. cxd4 a5 30. Rxd6 $19) 29... dxc3 30. Rxd3 Rc8 31. Rd1 a5 (31... c2
$142 32. Rc1 a5 $19) 32. Rc1 b4 33. axb4 axb4 34. Kf1 b3 {Black intends c2} 35.
Ke1 (35. h4 b2 36. h5+ Kg5 37. Rd1 c2 38. Rd5+ f5 39. g3 b1=R+ 40. Ke2 c1=Q 41.
f4+ Kg4 42. Rc5 Rxc5 43. h6 Qe1+ 44. Kd3 Rd1#) 35... b2 36. Rb1 (36. Kd1 c2+ $1
37. Kd2 b1=Q 38. g3 Rd8+ 39. Ke2 Qxc1 40. Kf3 Qh1+ 41. Kg4 Qd1+ 42. Kf4 Rd4+
43. Ke3 c1=Q#) 36... c2 (36... c2 37. Ke2 cxb1=Q 38. f4 Qe4+ 39. Kf2 Rc2+ 40.
Kg3 Rxg2+ 41. Kh4 Qxf4#) 0-1

[Event "Independence Day Open"]
[Site "?"]
[Date "1972.07.02"]
[Round "5"]
[White "Bailey, B."]
[Black "Stewart, T."]
[Result "1/2-1/2"]
[WhiteElo "1964"]
[BlackElo "1658"]
[Annotator "Stockfish 13 (15s)"]
[PlyCount "75"]
[EventDate "1972.??.??"]

{B86: Sicilian Scheveningen/Najdorf: 6 Bc4, without early ...b5} 1. e4 c5 2.
Nf3 d6 3. d4 cxd4 4. Nxd4 Nf6 5. Nc3 a6 6. Bc4 e6 7. Bb3 Nbd7 8. O-O Nc5 9. Re1
b5 10. a3 (10. f4 Bb7 11. e5 dxe5 12. fxe5 Nfd7 13. Qg4 g6 14. Bg5 Qb6 15. Kh1
Bg7 16. Qf4 Nxb3 17. axb3 b4 18. Na4 Qc7 19. Bh6 O-O 20. Bxg7 Kxg7 21. Re3 Kg8
22. Rf1 Rae8 23. c4 f6 24. Qg3 Nxe5 {
Novgorodskij,V (2390)-Yudasin,L (2610) St Petersburg 1997 0-1 (34)}) 10... e5
$146 (10... Bb7 11. f3 Be7 12. Ba2 (12. Be3 O-O 13. Qd2 Rc8 (13... Qc7 14. Qf2
d5 15. exd5 Nxb3 16. Nxb3 Nxd5 17. Nxd5 Bxd5 18. Nd4 Bd6 19. Qh4 f5 20. Rad1 f4
21. Bf2 Rf6 22. Qh5 Raf8 23. Bh4 Rh6 24. Qg4 e5 25. Nf5 Rg6 26. Rxd5 Rxg4 27.
fxg4 Bc5+ 28. Kh1 {Lahaye,J-De Pender,P (2175) Hengelo 1997 0-1 (38)}) 14. Rad1
Qc7 15. Ba2 Rfd8 16. Qf2 d5 17. exd5 Nxd5 18. Nxd5 Bxd5 19. Bb1 Na4 20. c3 Bf6
21. Rd2 Rb8 22. g4 Nb6 23. g5 Be7 24. Qh4 g6 25. Bf4 Bd6 26. Bxd6 Qxd6 {
Sandstrom,B-Dzevlan,M (2380) Stockholm 1995 0-1 (42)}) 12... O-O 13. Be3 Qc7
14. Nce2 d5 15. exd5 Nxd5 16. Bf2 Rfd8 17. Qc1 Rac8 18. c4 Nd3 19. Qd2 bxc4 20.
Red1 Nxf2 21. Kxf2 Qxh2 22. Rac1 Qh4+ {
0-1 (22) Caglar,S-Borisek,J (2443) Balatonlelle 2003}) (10... Nxb3 $142 $5 11.
cxb3 Bb7 $11) 11. Nc6 $16 Qc7 12. Nb4 (12. Nd5 Nxd5 13. Bxd5 Bb7 $16) 12...
Nxb3 13. Nbd5 (13. cxb3 $142 $5 Be7 14. Bg5 $16) 13... Nxd5 $14 14. Nxd5 Qb7
15. cxb3 Be6 (15... Be7 16. Be3 O-O 17. Rc1 $11) 16. Be3 Bxd5 17. exd5 (17.
Qxd5 $143 Qxd5 18. exd5 Kd7 $11) 17... Be7 18. Rc1 Rc8 19. Rxc8+ Qxc8 20. Qd3
O-O 21. Rc1 Qb7 (21... Qg4 $5 $16) 22. Rc6 Bd8 (22... f5 $142 $16) 23. Rxd6 $4
(23. Qc2 $142 h6 24. Rxd6 $18) 23... Bc7 $11 24. Rc6 Rd8 25. Qc2 Rxd5 26. g3 (
26. h3 Rd7 27. b4 $11) 26... Rd1+ $11 27. Qxd1 Qxc6 28. Qg4 f6 $4 (28... Bd8
$142 $11) 29. Qc8+ Kf7 30. b4 Kg6 (30... h6 $142 $16) 31. Bc5 $4 (31. b3 $142
$18) 31... h5 (31... h6 32. b3 f5 33. h4 $11) 32. g4 (32. Be3 $5 $14) 32...
hxg4 $11 33. Qxg4+ Kf7 34. h4 Bb6 35. Bxb6 Qxb6 36. Qd7+ Kf8 37. Qc8+ Kf7 38.
Qd7+ 1/2-1/2

[Event "Sunfair Open"]
[Site "?"]
[Date "1972.07.15"]
[Round "1"]
[White "Bjornson, D."]
[Black "Bailey, B."]
[Result "0-1"]
[WhiteElo "1795"]
[BlackElo "1964"]
[Annotator "Stockfish 14 (15s)"]
[PlyCount "98"]
[EventDate "1972.??.??"]

{C97: Closed Ruy Lopez: Chigorin Defence: 11 d4 Qc7, sidelines} 1. e4 e5 2. Nf3
Nc6 3. Bb5 a6 4. Ba4 Nf6 5. O-O Be7 6. Re1 b5 7. Bb3 O-O 8. c3 d6 9. h3 Na5 10.
Bc2 c5 11. d4 Qc7 12. Nbd2 Bd7 13. Nf1 Rac8 14. dxe5 dxe5 15. Ne3 Rcd8 (15...
Bc6 16. Nd5 Qd6 17. Nxe7+ Qxe7 18. b3 Rfd8 19. Qe2 Nd7 20. Bg5 f6 21. Be3 Nf8
22. b4 Nb7 23. Nh4 Bd7 24. Bb3+ c4 25. Bc2 g5 26. Nf5 Bxf5 27. exf5 Rd7 28. Be4
Rcd8 29. Bb6 Rc8 30. Qf3 {
Motin,N (2201)-Konstantinov,V (2281) Novokuznetsk 2001 1/2-1/2 (53)}) (15...
Rfd8 16. Nd5 Nxd5 17. exd5 Bd6 18. Bxh7+ Kxh7 19. Ng5+ Kg8 20. Qh5 Bf5 21. Re3
Bg6 22. Qg4 Qd7 23. Qh4 Re8 24. Rg3 e4 25. Bf4 Bxf4 26. Qxf4 Qxd5 27. h4 Qf5
28. Qd6 Nc4 29. Qxa6 Nxb2 30. Rb1 {
Duque,L (1820)-Arcas,A (2021) Lorca 2005 0-1 (42)}) 16. Nd5 Qd6 17. Bg5 Bc6
$146 (17... Bc8 18. Bxf6 Bxf6 19. Qe2 Nb7 20. Red1 Rfe8 21. a4 c4 22. axb5 axb5
23. Qe3 Be7 24. Nxe7+ Qxe7 25. Rd5 Rxd5 26. exd5 Nd6 27. Qc5 Bd7 28. Ra7 Nc8
29. Qxe7 Rxe7 30. Rc7 f6 31. Nd2 Nd6 32. Ne4 {
Zeitler,H-Pasteiner,J Bad Timmendorf 1966 1-0 (45)}) (17... Nxd5 18. Bxe7 (18.
exd5 $143 Bxg5 19. Nxg5 f5 $11) 18... Qxe7 19. exd5 $16 (19. Qxd5 $2 Nc4 20.
Qb7 Rb8 $19)) 18. Nxf6+ (18. a4 $142 $5 b4 19. cxb4 cxb4 20. Qd3 $16) 18...
Bxf6 $14 19. Qxd6 Rxd6 20. Bxf6 gxf6 21. b3 Rfd8 22. Kf1 (22. Nh4 Bd7 $11)
22... Bb7 (22... Kf8 23. Rac1 $11) 23. Nh4 (23. Ke2 Bc8 $11) 23... Nc6 $11 24.
Nf5 Rd2 25. Rac1 Kf8 26. f3 Bc8 27. Ne3 Be6 (27... b4 28. Bb1 a5 29. cxb4 axb4
30. Rxc5 $11) 28. Red1 $14 Ke7 $4 (28... Rxd1+ 29. Rxd1 Rxd1+ 30. Bxd1 $14) 29.
Rxd2 (29. Nd5+ $142 Bxd5 30. Rxd2 $18 (30. exd5 $143 R8xd5 31. Ke1 Rxd1+ (31...
Rxg2 $4 32. Rxd5 b4 33. Kf1 $18) 32. Rxd1 Rxd1+ 33. Kxd1 h6 $15)) 29... Rxd2
$16 30. Rd1 (30. Ke1 Rd6 $16) 30... Rxd1+ $14 31. Bxd1 a5 $2 {Black intends b4}
(31... b4 32. cxb4 Nxb4 33. a3 $11) 32. Nd5+ (32. Ke1 $142 $16) 32... Bxd5 $11
33. exd5 Na7 34. Bc2 h6 35. c4 b4 $4 (35... bxc4 36. bxc4 Nc8 37. g4 $11) 36.
Kf2 (36. Bf5 $142 $18) 36... Nc8 $11 37. Kg3 Kf8 38. Kh4 Nd6 39. Kh5 Kg7 40.
Kg4 f5+ 41. Bxf5 $4 (41. Kh4 $142 $11) 41... h5+ $1 $19 42. Kxh5 Nxf5 43. Kg5 (
43. h4 Nd6 $19) 43... Nd6 44. g4 (44. Kg4 Kf6 45. f4 $19) 44... f6+ 45. Kh5 (
45. Kh4 Nxc4 46. Kg3 Nd6 $19) 45... Nxc4 46. bxc4 a4 47. d6 Kf7 48. g5 fxg5 49.
Kxg5 b3 (49... b3 50. d7 Ke7 51. axb3 axb3 52. d8=Q+ Kxd8 53. Kf5 b2 54. f4
b1=Q+ 55. Kxe5 Qd3 56. h4 Qxc4 57. h5 Qd4+ 58. Kf5 c4 59. Kg6 c3 60. Kh6 Qxf4+
61. Kg7 c2 62. Kg8 c1=Q 63. Kg7 Qh6+ 64. Kf7 Qxh5+ 65. Kg7 Qf4 66. Kg8 Qff7#)
0-1

[Event "Sunfair Open"]
[Site "?"]
[Date "1972.07.15"]
[Round "2"]
[White "Bailey, B."]
[Black "Jangord, K."]
[Result "1-0"]
[WhiteElo "1964"]
[BlackElo "1793"]
[Annotator "Stockfish 14 (15s)"]
[PlyCount "55"]
[EventDate "1972.??.??"]

{B04: Alekhine's Defence: 4 Nf3} 1. e4 Nf6 2. e5 Nd5 3. d4 d6 4. Nf3 g6 5. c4
Nb6 6. Nc3 Bg7 7. exd6 cxd6 8. Be2 O-O 9. O-O Qc7 (9... Bf5 10. Be3 d5 11. c5
Nc4 12. Bc1 Nc6 13. b3 N4a5 14. g4 {
1/2-1/2 (14) Roos,J (2305)-Fokin,S (2320) Kobanya 1991}) 10. b3 $146 (10. Nb5
Qd7 11. d5 a6 12. Nbd4 e5 13. dxe6 fxe6 14. Be3 e5 15. Nc2 Qc7 16. Nb4 Be6 17.
b3 N8d7 18. Ng5 Bf7 19. Nxf7 Rxf7 20. Rc1 Nf6 21. Bf3 Rd7 22. Qd2 Rad8 23. Rfd1
Nc8 24. Nd5 Nxd5 {Radoja,D (2241)-Veljkovic,J Nisa 2003 1-0 (44)}) 10... a6 (
10... Bg4 11. h3 Bxf3 12. Bxf3 $18) 11. Bb2 (11. Be3 $5 N6d7 $18) 11... e6 12.
Qd2 Nc6 (12... N6d7 13. Rac1 $16) 13. d5 $18 exd5 14. Nxd5 Nxd5 15. Bxg7 (15.
cxd5 $6 Bxb2 16. Qxb2 Ne5 $14) 15... Kxg7 16. Qxd5 (16. cxd5 $142 $5 Ne7 17.
Rac1 $16) 16... Be6 $14 17. Qd2 h6 (17... Rad8 $5 $14) 18. Nd4 $16 Nxd4 19.
Qxd4+ f6 20. Bf3 Rad8 $2 (20... Rfe8 $142 $5 $16) 21. Qe4 $18 Bc8 22. Rfe1 Rf7
(22... Qd7 23. h4 Rfe8 24. Qd3 $18) 23. Rad1 (23. h4 h5 24. Rad1 Rdd7 $18)
23... Bf5 $2 (23... Rdd7 24. Qd3 Rde7 25. Rxe7 Rxe7 26. h3 $18) 24. Qd5 Rdd7 (
24... Qd7 25. h3 h5 $18) 25. g4 Qc5 (25... Bc2 26. Rc1 $18) 26. gxf5 gxf5 (
26... a5 27. fxg6 Qxd5 28. Rxd5 $18 (28. gxf7 $4 Qxf3 29. Rd5 Qg4+ 30. Kf1 Rxf7
$19)) 27. Bh5 Qxd5 28. Rxd5 (28. Rxd5 Rfe7 29. Rxe7+ Rxe7 30. Rxd6 $18) 1-0

[Event "Sunfair Open"]
[Site "?"]
[Date "1972.07.15"]
[Round "3"]
[White "Bailey, B."]
[Black "Middleton, T."]
[Result "1-0"]
[WhiteElo "1964"]
[BlackElo "1842"]
[Annotator "Stockfish 14 (15s)"]
[PlyCount "57"]
[EventDate "1972.??.??"]

{B07: Pirc Defence: Miscellaneous Systems} 1. e4 d6 2. d4 Nf6 3. Nc3 e6 4. Nf3
Nc6 5. a3 $146 (5. Bd3 Be7 6. h3 (6. O-O e5 7. Be3 O-O 8. d5 Nb4 9. Nh4 Nxd3
10. cxd3 Nxd5 11. Nxd5 Bxh4 12. f4 c6 13. Nb4 exf4 14. Bxf4 Qb6+ 15. Kh1 Qxb4
16. Qh5 Bf6 17. Rf3 g6 18. Qh6 Bg7 19. Qh4 h5 20. h3 d5 {
Rodionov,A (2195)-Tkachenko,E (2154) Tula 2005 0-1}) 6... O-O 7. O-O d5 8. e5
Ne4 9. Nxe4 dxe4 10. Bxe4 h6 11. c3 f6 12. exf6 Bxf6 13. Bc2 Bd7 14. Qd3 Ne7
15. Bxh6 Kf7 16. Be3 Bc6 17. Bf4 Ke8 18. Rfe1 Qc8 19. Bg3 g6 {
Sharza,M-Walter,M (2027) Baunatal 2001 1-0 (31)}) (5. Be2 Be7 6. h3 e5 7. Be3
exd4 8. Nxd4 Nxd4 9. Qxd4 O-O 10. g4 Nd7 11. O-O-O Nb6 12. h4 Be6 13. g5 c5 14.
Qd2 Nc4 15. Bxc4 Bxc4 16. Bf4 Qa5 17. Kb1 Rfd8 18. h5 Be6 19. f3 f6 {
Vallejo Pons,F (2519)-Alvarez Carreno,A Cala Galdana 1999 1-0 (35)}) (5. Bg5 e5
6. Bb5 Be7 7. dxe5 dxe5 8. Nxe5 a6 9. Nxc6 bxc6 10. Bxc6+ Kf8 11. Bxa8 Bg4 12.
f3 Be6 13. O-O Qxa8 14. Qe2 Nd7 15. Bxe7+ Kxe7 16. a4 Nc5 17. b4 Nb7 18. Qe3 f6
19. Rfd1 g6 {Roux,J (1480)-Leccia,C (1009) Salon de Provence 2006 1-0 (32)})
5... a6 6. Bc4 b5 7. Ba2 Be7 8. O-O O-O 9. Qd3 h6 10. Ne2 d5 $2 (10... Na5 $142
$14) 11. e5 $18 Ne4 12. Ng3 Nxg3 $2 (12... f5 13. exf6 Nxf6 $18) 13. hxg3 (13.
fxg3 b4 14. c3 bxa3 $18) 13... h5 (13... f5 14. exf6 Bxf6 15. c3 $18) 14. c3 (
14. Bb1 $142 $5 g6 15. Qd2 f5 16. exf6 Rxf6 $18) 14... Na5 15. Nh2 Bg5 (15...
c5 $18) 16. f4 Bh6 (16... Be7 17. g4 c5 18. Bb1 $18) 17. g4 hxg4 (17... g6 18.
Qh3 $18) 18. Nxg4 Qh4 19. Nxh6+ Qxh6 20. Rf3 (20. f5 $142 Qh7 21. Rf3 exf5 $18)
20... f5 21. exf6 Qxf6 (21... Rxf6 22. Rh3 Qg6 $18) 22. Bd2 (22. Rg3 $142 Bd7
23. f5 $18) 22... Nc4 23. b3 (23. Raf1 $142 $5 Qf5 24. Qe2 $18) 23... Nxd2 $16
24. Qxd2 Bb7 $4 (24... Bd7 $142 $16) 25. b4 (25. Re1 Qh4 26. Bb1 Rf6 $18) 25...
Kf7 (25... Rae8 26. Re1 Qh4 $18) 26. Re1 Rh8 (26... g6 27. Bb1 Rae8 28. Re5 $18
) 27. f5 exf5 28. Qf4 Qh4 (28... Kg8 29. Qxc7 Bc6 $18) 29. Qxf5+ (29. Qxf5+ Qf6
30. Qe6+ Kf8 31. Rxf6+ gxf6 32. Qxf6+ Kg8 33. Re7 Rh7 34. Qg6+ Kf8 35. Qxh7 a5
36. Qg7#) 1-0